Proyecto relativo a la instalación de casas de distrito para la verificación de las defunciones y de socorro anexo al de los nuevos cementerios para la ciudad de Barcelona / (Record no. 68783)

MARC details
000 -LEADER
campo de control de longitud fija 00777nam a2200193 i 4500
001 - NÚMERO DE CONTROL
campo de control 68783
003 - IDENTIFICADOR DE NÚMERO DE CONTROL
campo de control ES-MaACL
005 - FECHA Y HORA DE LA ÚLTIMA TRANSACCIÓN
campo de control 20230906170348.0
007 - CAMPO FIJO DE DESCRIPCIÓN FÍSICA--INFORMACIÓN GENERAL
campo de control de longitud fija t|
008 - DATOS DE LONGITUD FIJA--INFORMACIÓN GENERAL
campo de control de longitud fija 960829s1875 sp ||||1| spa d
040 ## - FUENTE DE CATALOGACIÓN
Centro catalogador/agencia de origen CAM
Lengua de catalogación spa
Centro/agencia transcriptor CAM
100 1# - ENTRADA PRINCIPAL--NOMBRE DE PERSONA
Nombre de persona Giné y Partagás, Juan (
Fechas asociadas al nombre 1836-1903)
9 (RLIN) 57111
245 10 - MENCIÓN DEL TÍTULO
Título Proyecto relativo a la instalación de casas de distrito para la verificación de las defunciones y de socorro anexo al de los nuevos cementerios para la ciudad de Barcelona /
Mención de responsabilidad, etc. por Juan Giné y Partagás.
260 ## - PUBLICACIÓN, DISTRIBUCIÓN, ETC.
Lugar de publicación, distribución, etc. Barcelona :
Nombre del editor, distribuidor, etc. Librería de Juan y Antonio Bastinos editores,
Fecha de publicación, distribución, etc. 1875.
300 ## - DESCRIPCIÓN FÍSICA
Extensión 23 p. ;
Dimensiones 28 cm.
650 #4 - PUNTO DE ACCESO ADICIONAL DE MATERIA--TÉRMINO DE MATERIA
Término de materia o nombre geográfico como elemento de entrada Muerte-
Subdivisión general Pruebas y certificación.
9 (RLIN) 170239
650 #4 - PUNTO DE ACCESO ADICIONAL DE MATERIA--TÉRMINO DE MATERIA
Término de materia o nombre geográfico como elemento de entrada Servicios funerarios-
Subdivisión geográfica Barcelona.
9 (RLIN) 170240
852 ## - LOCALIZACIÓN
Ubicación ES-MaACL
Número de control de estantería T-176-F-8
Holdings
Estatus retirado Estado de pérdida Estado de daño No para préstamo Colección Biblioteca de origen Biblioteca actual Ubicación en estantería Fecha de adquisición Fuente de adquisición Total de préstamos Signatura topográfica completa Código de barras Visto por última vez Precio de reemplazo Tipo de ítem Koha
        Colección de folletos Biblioteca del Ateneo de Madrid Biblioteca del Ateneo de Madrid Depósito folletos 17/01/2008     T-176-F-8 1072017 23/02/2023 23/02/2023 Folleto